| 000 | 00519nam a22001817a 4500 | ||
|---|---|---|---|
| 005 | 20251108164125.0 | ||
| 008 | 250721s1996 xx 000 0 ara d | ||
| 082 | 1 | 4 | _a218,43/شيخ |
| 100 | 1 | _aشيخو، محمد أمين | |
| 245 | 1 | 0 | _aكتاب التوحيد / |
| 250 | _aط3. | ||
| 264 | 1 |
_aدمشق : _bمكتبة البشير، _c1996. |
|
| 300 | _a80ص | ||
| 650 | 1 | 7 | _aالمزارات الإسلامية |
| 700 | 1 |
_aالهندي، سامر أحمد _eاعداد |
|
| 942 |
_2ddc _cBK |
||
| 999 |
_c4241 _d4241 |
||